000 00523nam a2200181Ia 4500
999 _c10522
_d10522
003 OSt
005 20191217125844.0
008 190216s9999||||xx |||||||||||||| ||und||
020 _a8176110752
040 _coclc
082 _a338.954
_bBHA/C
100 _aBhargava, P K
_9534
245 0 _aCurrent Economic Issues In The Indian Economy /
_cP K Bhargava
260 _bRbsa Pubshers,
_c2000.
_aJaipur:
300 _a261p
650 _aEconomics
942 _cBK
_2ddc
_h338.954
_iBHA/C
_k338.954
_mBHA/C